000 005600000a22001810004500
003 MACL
005 20160528124941.0
008 160528b xxu||||| |||| 00| 0 eng d
040 _aMACL
_cMACL
041 _aHindi
082 _a891.433 KAD
100 _aकादिरोव, पिरिमकुल
_960348
245 _aबाबर
_cपिरिमकुल कादिराेव
260 _bगौरव प्रकाशन
_c2002
_aनई दिल्‍ली
350 _a200
650 _aNovel
_960493
942 _cHIN
_k800/KAD/N
_2ddc
999 _c10918
_d10918